00913cam a22002657a 450000500170000000800410001701000100005801100100006803500100007808200230008810000290011124500470014026000450018730000110023250000710024359000410031459000410035559000410039659000420043765000360047965000400051590100070055594900680056299900170063020220329141122.0971010s1989 r 00010 d a62875 a63847 a68383 a636.0896bC6y 198600aColes, Ernbert H.925128 0aDiagnóstico y patología en Veterinaria aMéxico, D. F. :bInteramericana,c1989 a496 p. aTrad. de: Veterinary clinical pathology, 4 ed. en inglés de 1986 aBATCH-UPDb10c20130110lUCH01h0825 aBATCH-UPDb10c20130410lUCH01h0503 aBATCH-UPDb10c20130914lUCH01h1904 aCONVERSIONb10c20130109lUCH01h133414aPatología veterinaria.98619414aVeterinariaxDiagnóstico.9118992 aBK a636.0896 C6y 1986bZcLIBROd-501eLIBROgI. c/eh622i68383si c62875d62875